সয়ফুলমুলুক-বদিউজ্জামাল / (Record no. 55334)
[ view plain ]
| 000 -LEADER | |
|---|---|
| fixed length control field | 00857nam a2200229 a 4500 |
| 001 - CONTROL NUMBER | |
| control field | 55334 |
| 003 - CONTROL NUMBER IDENTIFIER | |
| rucl marc code | BD-RjUL |
| 005 - DATE AND TIME OF LATEST TRANSACTION | |
| control field | 20220313154347.0 |
| 008 - FIXED-LENGTH DATA ELEMENTS--GENERAL INFORMATION | |
| fixed length control field | 161116s1975 bg ||||| |||| 00| 0 ben d |
| 035 ## - SYSTEM CONTROL NUMBER | |
| System control number | (BD-RjUL)55456 |
| 040 ## - CATALOGING SOURCE | |
| Original cataloging agency | BD-RjUL |
| Language of cataloging | ben |
| Transcribing agency | BD-RjUL |
| 041 ## - LANGUAGE CODE | |
| Language code of text/sound track or separate title | ben |
| 082 ## - DEWEY DECIMAL CLASSIFICATION NUMBER | |
| Edition number | 23 |
| Classification number | 891.441 |
| Author mark and year | DOS 1975 |
| 100 ## - MAIN ENTRY--PERSONAL NAME | |
| Personal name | দোনাগাজী |
| 9 (RLIN) | 164848 |
| 245 10 - TITLE STATEMENT | |
| Title | সয়ফুলমুলুক-বদিউজ্জামাল / |
| Statement of responsibility, etc. | দোনাগাজী, আহমদ শরীফ সম্পাদিত |
| 260 ## - PUBLICATION, DISTRIBUTION, ETC. (IMPRINT) | |
| Place of publication, distribution, etc. | ঢাকা : |
| Name of publisher, distributor, etc. | বাংলা একাডেমী, |
| Date of publication, distribution, etc. | ১৯৭৫. |
| 300 ## - PHYSICAL DESCRIPTION | |
| Pagination | ৪৭৬ পৃ. ; |
| Size | ২৩ সেমি. |
| 650 ## - SUBJECT ADDED ENTRY--TOPICAL TERM | |
| Topical term or geographic name as entry element | বাংলা কবিতা |
| 9 (RLIN) | 164849 |
| Topical term or geographic name as entry element | Bengali Poetry |
| 9 (RLIN) | 164850 |
| 700 ## - ADDED ENTRY--PERSONAL NAME | |
| Personal name | শরী্ফ, আহমদ |
| Fuller form of name | সম্পাদিত |
| 942 ## - ADDED ENTRY ELEMENTS (KOHA) | |
| Source of classification or shelving scheme | Dewey Decimal Classification |
| Koha item type | Books |
| Lost status | Source of classification or shelving scheme | Damaged status | Not for loan | Collection code | Permanent Location | Current Location | Shelving location | Date acquired | Source of acquisition | Cost, normal purchase price | Total Checkouts | Full call number | Date last seen | Copy number | Koha item type |
|---|---|---|---|---|---|---|---|---|---|---|---|---|---|---|---|
| Dewey Decimal Classification | Non-fiction | Central Library, University of Rajshahi | Central Library, University of Rajshahi | 29/06/1977 | Youreka book agency, Rajshahi. | 30.00 | B 891.441 DOS 1975 | 16/11/2016 | C-2 | Books | |||||
| Dewey Decimal Classification | Not For Loan | Non-fiction | Central Library, University of Rajshahi | Central Library, University of Rajshahi | Reading Room | 29/06/1977 | Youreka book agency, Rajshahi. | 30.00 | B 891.441 DOS 1975 | 02/05/2017 | C-1 | Books | |||
| Dewey Decimal Classification | Non-fiction | Central Library, University of Rajshahi | Central Library, University of Rajshahi | General Stacks | 08/08/1983 | Aligorh Library, Rajhahi | 30.00 | B 891.441 DOS 1975 | 13/03/2022 | C-3 | Books |